[Event "Bronshoj Lang Weekend 2012"]
[Site "Bronshoj"]
[Date "2012.02.11"]
[Round "2"]
[White "Larsen, Tor Ketil"]
[Black "Palm, Nikolaj"]
[Result "0-1"]
[WhiteElo "1968"]
[BlackElo "2217"]
[PlyCount "84"]
[EventDate "2012.??.??"]
[EventCountry "DEN"]

1. e4 e5 2. Nf3 Nc6 3. Nc3 Nf6 4. a3 Be7 5. d4 d6 6. dxe5 dxe5 7. Qxd8+ Bxd8 8.
Bb5 Bd7 9. Bg5 Nd4 10. Nxd4 exd4 11. Bxf6 Bxf6 12. Bxd7+ Kxd7 13. Nd5 Be5 14.
f4 Bd6 15. e5 c6 16. exd6 Rhe8+ 17. Kf2 cxd5 18. Rhe1 Kxd6 19. Rxe8 Rxe8 20.
Re1 Re4 21. g3 Kc5 22. Re2 Kc4 23. Rd2 a5 24. Rd3 a4 25. f5 Re7 26. Rf3 Re5 27.
g4 Kc5 28. g5 Kd6 29. h4 Re8 30. h5 Re3 31. g6 Rxf3+ 32. Kxf3 fxg6 33. hxg6
hxg6 34. fxg6 Ke5 35. Ke2 Kf6 36. Kd3 Kxg6 37. Kxd4 Kf5 38. Ke3 g5 39. Kf3 g4+
40. Ke3 Ke5 41. Kd3 Kf4 42. Ke2 Kg3 0-1

[Event "Bronshoj Lang Weekend 2012"]
[Site "Bronshoj"]
[Date "2012.02.11"]
[Round "2"]
[White "Mikkelsen, Nikolaj"]
[Black "Kirknel, Thomas"]
[Result "1-0"]
[WhiteElo "2402"]
[BlackElo "2135"]
[PlyCount "63"]
[EventDate "2012.??.??"]
[EventCountry "DEN"]

1. e4 c5 2. Nf3 Nc6 3. Bb5 g6 4. Bxc6 bxc6 5. O-O Bg7 6. c3 Nf6 7. Re1 O-O 8.
h3 d6 9. d4 cxd4 10. cxd4 Rb8 11. Nc3 Qb6 12. Re2 Ba6 13. Rc2 Rfc8 14. Be3 Qa5
15. Qd2 Nd7 16. Bg5 Bf6 17. Bxf6 Nxf6 18. e5 Nd7 19. Re1 Bc4 20. Qh6 Bd5 21.
Ng5 Nf8 22. Rce2 dxe5 23. dxe5 Rxb2 24. Rxb2 Qxc3 25. Rbe2 Bxa2 26. Ne4 Qb4 27.
Nf6+ Kh8 28. Re4 Qc3 29. Rc1 Qb2 30. Nxh7 Kg8 31. Nxf8 Rxf8 32. Rh4 1-0

[Event "Bronshoj Lang Weekend 2012"]
[Site "Bronshoj"]
[Date "2012.02.11"]
[Round "2"]
[White "Nguyen, Giang Thu"]
[Black "Bromann, Thorbjorn"]
[Result "0-1"]
[WhiteElo "2118"]
[BlackElo "2370"]
[PlyCount "80"]
[EventDate "2012.??.??"]
[EventCountry "DEN"]

1. e4 g6 2. d4 Bg7 3. Nc3 d6 4. Be3 a6 5. Qd2 Nd7 6. f3 b5 7. a4 b4 8. Na2 c5
9. c3 bxc3 10. bxc3 Qa5 11. Nc1 Rb8 12. Bc4 Ngf6 13. Nge2 O-O 14. O-O Bb7 15.
Qa2 e6 16. Bxe6 fxe6 17. Qxe6+ Rf7 18. Qxd6 Bf8 19. Qg3 cxd4 20. cxd4 Re8 21.
Nd3 Nd5 22. Bf2 Qd2 23. Ndc1 Ne3 24. Bxe3 Qxe3+ 25. Rf2 Bg7 26. Rb1 Bc6 27. Rb3
Qd2 28. Rd3 Qb2 29. Qd6 Bxa4 30. e5 Bf8 31. Qd5 Nb6 32. Qa5 Qb5 33. Qd2 Nd5 34.
Rf1 Qc4 35. Qb2 Bb5 36. f4 Bh6 37. Rdf3 Bxf4 38. Nxf4 Nxf4 39. R1f2 Ref8 40.
Kh1 Nh3 0-1

[Event "Bronshoj Lang Weekend 2012"]
[Site "Bronshoj"]
[Date "2012.02.11"]
[Round "2"]
[White "Nielsen, Thomas (1994)"]
[Black "Willerup, Martin Kisby"]
[Result "0-1"]
[WhiteElo "1453"]
[BlackElo "1976"]
[PlyCount "75"]
[EventDate "2012.??.??"]
[EventCountry "DEN"]

1. e4 c5 2. c3 d5 3. e5 Nc6 4. Nf3 Bg4 5. Bb5 Qb6 6. Bxc6+ bxc6 7. h3 Bh5 8. d4
cxd4 9. Qxd4 Bxf3 10. gxf3 Qxd4 11. cxd4 e6 12. Bg5 Bb4+ 13. Nd2 Ne7 14. Rc1
Rc8 15. O-O Nf5 16. Nb3 h6 17. Be3 Nh4 18. f4 Rg8 19. a3 Be7 20. Rc2 Rc7 21.
Rfc1 Kd7 22. Nc5+ Bxc5 23. Rxc5 Rb8 24. R1c2 Rb3 25. R5c3 Rcb7 26. Bc1 Nf3+ 27.
Kg2 Ne1+ 28. Kh2 Nxc2 29. Rxc2 Rd3 30. b4 Rxd4 31. Be3 Rd3 32. a4 Rxb4 33. Bxa7
Rxa4 34. Bc5 Rc4 35. Rxc4 dxc4 36. Kg2 c3 37. Ba3 c2 38. Bb2 0-1

[Event "Bronshoj Lang Weekend 2012"]
[Site "Bronshoj"]
[Date "2012.02.11"]
[Round "2"]
[White "Nohr, Finn"]
[Black "Borbjerggaard, Lars"]
[Result "1-0"]
[WhiteElo "2081"]
[BlackElo "2305"]
[PlyCount "71"]
[EventDate "2012.??.??"]
[EventCountry "DEN"]

1. e4 d5 2. exd5 Nf6 3. d4 Bg4 4. Nf3 Nxd5 5. c4 Nf6 6. Be2 c6 7. O-O e6 8. h3
Bh5 9. Nc3 Bd6 10. Qb3 b6 11. Rd1 O-O 12. Bg5 h6 13. Be3 Qe7 14. g4 Bg6 15. Bd3
Bxd3 16. Rxd3 Nbd7 17. g5 Nh5 18. Ne4 Bf4 19. gxh6 gxh6 20. Ng3 Ndf6 21. Ne5
Qd6 22. Nxh5 Nxh5 23. Qd1 Bxe5 24. Qxh5 Bg7 25. Bxh6 f5 26. Bxg7 Kxg7 27. Rg3+
Kf6 28. Rg6+ Ke7 29. Re1 Rf7 30. d5 cxd5 31. cxd5 Qxd5 32. Rd1 Qe5 33. Qg5+ Ke8
34. Rg8+ Rf8 35. Qg6+ Ke7 36. Rg7+ 1-0

[Event "Bronshoj Lang Weekend 2012"]
[Site "Bronshoj"]
[Date "2012.02.11"]
[Round "2"]
[White "Pedersen, Jan Nordenbaek"]
[Black "Pedersen, Henrik Bolding"]
[Result "1/2-1/2"]
[WhiteElo "2225"]
[BlackElo "2068"]
[PlyCount "73"]
[EventDate "2012.??.??"]
[EventCountry "DEN"]

1. Nf3 Nf6 2. c4 e6 3. d4 Bb4+ 4. Bd2 Qe7 5. a3 Bxd2+ 6. Qxd2 d6 7. Nc3 O-O 8.
g3 e5 9. Bg2 Bg4 10. d5 a5 11. O-O Na6 12. Qc2 Rfe8 13. Rab1 g6 14. Rfd1 Nc5
15. Nd2 a4 16. h3 Bf5 17. e4 Bc8 18. Na2 h5 19. Nb4 h4 20. Nd3 Nfd7 21. Kh2 Kg7
22. Qc3 Nxd3 23. Qxd3 Nc5 24. Qe3 Rh8 25. g4 g5 26. Nf3 f6 27. Bf1 Bd7 28. Bd3
Rhb8 29. Rg1 Rh8 30. Bc2 b6 31. Qd2 Qd8 32. Ne1 Qe7 33. Ng2 Qe8 34. Ne3 Kf7 35.
Nf5 Bxf5 36. gxf5 Ke7 37. Rg4 1/2-1/2

[Event "Bronshoj Lang Weekend 2012"]
[Site "Bronshoj"]
[Date "2012.02.11"]
[Round "2"]
[White "Ohayv, Nikolaj"]
[Black "Nielsen, Klaus"]
[Result "0-1"]
[WhiteElo "1799"]
[BlackElo "2038"]
[PlyCount "74"]
[EventDate "2012.??.??"]
[EventCountry "DEN"]

1. e4 c5 2. Nc3 Nc6 3. f4 e6 4. Nf3 d5 5. e5 Nge7 6. g3 Nf5 7. Bg2 Be7 8. d3 h5
9. O-O a6 10. a3 b5 11. Ne2 Bb7 12. c3 d4 13. cxd4 cxd4 14. Bd2 Qb6 15. b4 g6
16. h3 Rd8 17. Qb3 O-O 18. Kh2 Rd7 19. Rfd1 Rfd8 20. Rac1 Kg7 21. Bh1 a5 22.
bxa5 Nxa5 23. Bxa5 Qxa5 24. Rb1 Ba6 25. Ra1 Rc7 26. Rdb1 Qb6 27. Nd2 Ne3 28.
Rc1 Rxc1 29. Rxc1 Bb7 30. Bxb7 Qxb7 31. Ne4 Ra8 32. Nxd4 Rxa3 33. Qxb5 Ra2+ 34.
Kh1 Qa7 35. Nc6 Rh2+ 36. Kg1 Qa2 37. Nxe7 Qg2# 0-1

[Event "Bronshoj Lang Weekend 2012"]
[Site "Bronshoj"]
[Date "2012.02.11"]
[Round "2"]
[White "Reinecker, Kai"]
[Black "Rimestad, Arild"]
[Result "1-0"]
[WhiteElo "2261"]
[BlackElo "1905"]
[PlyCount "53"]
[EventDate "2012.??.??"]
[EventCountry "DEN"]

1. e4 d5 2. exd5 Qxd5 3. Nc3 Qa5 4. d4 Bf5 5. Bc4 e6 6. Qe2 Bb4 7. Bd2 c6 8.
Nf3 Nd7 9. O-O Ngf6 10. a3 Bxc3 11. Bxc3 Qc7 12. b4 O-O-O 13. Bd2 h6 14. b5 c5
15. dxc5 Nxc5 16. Bc3 Bg4 17. Bd3 Nxd3 18. cxd3 Qf4 19. Be5 Qf5 20. Rfc1+ Kd7
21. Rc7+ Ke8 22. Rxb7 Bxf3 23. gxf3 Nd7 24. Bg3 Qd5 25. Qe4 Qxe4 26. dxe4 Ra8
27. Rd1 1-0

[Event "Bronshoj Lang Weekend 2012"]
[Site "Bronshoj"]
[Date "2012.02.11"]
[Round "2"]
[White "Rhee, Alexander Kasper"]
[Black "Nielsen, Steen Gregers"]
[Result "1-0"]
[WhiteElo "2149"]
[BlackElo "1688"]
[PlyCount "71"]
[EventDate "2012.??.??"]
[EventCountry "DEN"]

1. c4 c5 2. g3 g6 3. Nc3 Bg7 4. a3 Nc6 5. Rb1 Nf6 6. Bg2 O-O 7. d3 d6 8. h3 e5
9. Bg5 h6 10. Bxf6 Qxf6 11. e3 Rb8 12. Nge2 Bf5 13. b4 Qd8 14. O-O Qd7 15. Kh2
b6 16. Qd2 Ne7 17. b5 Be6 18. Nd5 Bxd5 19. cxd5 Nf5 20. Nc3 Ne7 21. Qd1 f5 22.
Ne2 Rbe8 23. d4 f4 24. dxe5 fxg3+ 25. Nxg3 Bxe5 26. f4 Bg7 27. Qg4 Nf5 28. e4
h5 29. Qxg6 Ne3 30. Rg1 Rf6 31. Qg5 c4 32. Nxh5 Rf7 33. f5 Kf8 34. Nxg7 Rxg7
35. Qxe3 Qxf5 36. Rgf1 1-0

[Event "Bronshoj Lang Weekend 2012"]
[Site "Bronshoj"]
[Date "2012.02.11"]
[Round "2"]
[White "Strange, Mikkel"]
[Black "Petersen, Steen Brustrup"]
[Result "1-0"]
[WhiteElo "2314"]
[BlackElo "2111"]
[PlyCount "50"]
[EventDate "2012.??.??"]
[EventCountry "DEN"]

1. e4 c5 2. c3 g6 3. Nf3 Bg7 4. d4 cxd4 5. cxd4 d5 6. e5 Nc6 7. Nc3 f6 8. Bb5
a6 9. Bxc6+ bxc6 10. O-O Bg4 11. Re1 Bxf3 12. Qxf3 f5 13. Na4 e6 14. Bd2 h5 15.
Rac1 Kf7 16. Rc2 Rc8 17. Rec1 Qh4 18. Qf4 Qe7 19. Qg3 h4 20. Qd3 Qb7 21. Nc5
Qb5 22. Qxb5 cxb5 23. Nxe6 Rxc2 24. Ng5+ Ke8 25. Rxc2 Ne7 1-0

[Event "Bronshoj Lang Weekend 2012"]
[Site "Bronshoj"]
[Date "2012.02.11"]
[Round "2"]
[White "Tandrup, Michael"]
[Black "Andreasen, Per Naesby"]
[Result "0-1"]
[WhiteElo "1914"]
[BlackElo "2239"]
[PlyCount "80"]
[EventDate "2012.??.??"]
[EventCountry "DEN"]

1. c4 g6 2. g3 Bg7 3. Nc3 e5 4. Bg2 d6 5. e4 Nc6 6. d3 Nge7 7. Nge2 O-O 8. O-O
Be6 9. Nd5 Qd7 10. Be3 Nd4 11. Bxd4 exd4 12. Nef4 Bxd5 13. Nxd5 Nxd5 14. exd5
f5 15. f4 Rfe8 16. Re1 Re3 17. Qd2 Rae8 18. Kf2 Qe7 19. Kf1 h5 20. h4 Bf6 21.
Rxe3 dxe3 22. Qe2 Bd4 23. Bf3 Kg7 24. Qc2 a5 25. Ke2 Kh6 26. Qb3 b6 27. Rb1 Bf6
28. Rh1 Bg7 29. Qb5 Qf6 30. Rb1 Re7 31. Qb3 Qd4 32. a3 Bf6 33. Qb5 Bxh4 34.
gxh4 Qxf4 35. Rg1 Qxh4 36. Rg2 g5 37. Qc6 g4 38. Bxg4 fxg4 39. Qa8 Qf6 40. Ke1
Rf7 0-1

[Event "Bronshoj Lang Weekend 2012"]
[Site "Bronshoj"]
[Date "2012.02.11"]
[Round "3"]
[White "Bromann, Thorbjorn"]
[Black "Rhee, Alexander Kasper"]
[Result "1-0"]
[WhiteElo "2370"]
[BlackElo "2149"]
[PlyCount "93"]
[EventDate "2012.??.??"]
[EventCountry "DEN"]

1. b3 g6 2. Bb2 Nf6 3. Bxf6 exf6 4. c4 f5 5. Nc3 d6 6. e3 Nd7 7. g3 h5 8. h4 c6
9. Bg2 Nf6 10. Nge2 Bh6 11. d4 O-O 12. O-O Re8 13. Qd3 Ng4 14. Nf4 g5 15. hxg5
Qxg5 16. Nh3 Qf6 17. Ne2 h4 18. gxh4 Bxe3 19. fxe3 Rxe3 20. Qd2 Qxh4 21. Qe1
Rxh3 22. Bxh3 Qxh3 23. Qg3 Qh6 24. Nf4 Bd7 25. Rfe1 Qg5 26. Nh3 Qf6 27. Qf4 Kh7
28. Ng5+ Kg6 29. Nf3 Rh8 30. Re2 Rh6 31. Rae1 Kg7 32. Re7 Rg6 33. Kf1 Bc8 34.
c5 dxc5 35. dxc5 Qc3 36. Rxf7+ Kg8 37. Rfe7 Nh2+ 38. Kf2 Qxc5+ 39. Nd4 Ng4+ 40.
Kf1 Nf6 41. Qb8 Kh8 42. Qh2+ Kg8 43. Qc7 Kh8 44. Qxc8+ Ng8 45. R7e6 Rg5 46.
Rh6+ Kg7 47. Ne6+ 1-0

[Event "Bronshoj Lang Weekend 2012"]
[Site "Bronshoj"]
[Date "2012.02.11"]
[Round "3"]
[White "Christensen, Esben"]
[Black "Reinecker, Kai"]
[Result "1-0"]
[WhiteElo "1996"]
[BlackElo "2261"]
[PlyCount "39"]
[EventDate "2012.??.??"]
[EventCountry "DEN"]

1. e4 e5 2. Nf3 Nf6 3. Nc3 Nc6 4. d4 exd4 5. Nxd4 Bb4 6. Nxc6 bxc6 7. Bd3 d5 8.
O-O Bxc3 9. bxc3 dxe4 10. Qe2 O-O 11. Bc4 Bg4 12. Qe3 Re8 13. Qg3 Qd7 14. h3
Be6 15. Be2 Nd5 16. c4 Nb4 17. Bb2 f5 18. Rfd1 Qf7 19. Bh5 g6 20. Qc3 1-0

[Event "Bronshoj Lang Weekend 2012"]
[Site "Bronshoj"]
[Date "2012.02.11"]
[Round "3"]
[White "Christiansen, Johan Sebastian"]
[Black "Nguyen, Giang Thu"]
[Result "1/2-1/2"]
[WhiteElo "1967"]
[BlackElo "2118"]
[PlyCount "65"]
[EventDate "2012.??.??"]
[EventCountry "DEN"]

1. c4 f5 2. Nc3 Nf6 3. Nf3 g6 4. g3 Bg7 5. Bg2 d6 6. d4 Na6 7. O-O O-O 8. Rb1
Qe8 9. b3 c6 10. Ba3 Nc7 11. Qc1 Bd7 12. Ne1 Rc8 13. Nd3 b5 14. c5 Ne4 15. cxd6
exd6 16. e3 c5 17. Nxe4 fxe4 18. Nf4 b4 19. Bb2 cxd4 20. Qc4+ Qf7 21. Bxd4 Ne6
22. Qxb4 Bxd4 23. exd4 Nxf4 24. gxf4 Qxf4 25. d5 Rce8 26. Rbe1 Bf5 27. f3 Qg5
28. f4 Qf6 29. Re3 Rb8 30. Qd2 Rb5 31. Rfe1 Qf7 32. Bf1 Rc5 33. Bc4 1/2-1/2

[Event "Bronshoj Lang Weekend 2012"]
[Site "Bronshoj"]
[Date "2012.02.11"]
[Round "3"]
[White "Frisk, Hans"]
[Black "Andersen, Daniel"]
[Result "1-0"]
[WhiteElo "2058"]
[BlackElo "1823"]
[PlyCount "87"]
[EventDate "2012.??.??"]
[EventCountry "DEN"]

1. d4 e6 2. c4 f5 3. g3 Nf6 4. Nf3 d5 5. Bg2 c6 6. O-O Bd6 7. Nc3 O-O 8. Qc2 b6
9. Rd1 Ne4 10. Rb1 Qe7 11. b4 Bxb4 12. Nxe4 fxe4 13. Bg5 Qd6 14. Ne5 Bb7 15.
Bf4 Qe7 16. Bg5 Qxg5 17. Rxb4 c5 18. Rb3 cxd4 19. f4 exf3 20. Nxf3 Qe7 21. Rxd4
Nc6 22. Rh4 h6 23. cxd5 exd5 24. Rc3 Rac8 25. Bh3 Rce8 26. Rxc6 Qe3+ 27. Kh1
Rxf3 28. Rcxh6 Qf2 29. Rh8+ Kf7 30. Qc7+ Re7 31. Rf4+ Rxf4 32. Qxf4+ Qxf4 33.
gxf4 d4+ 34. Bg2 Bxg2+ 35. Kxg2 Rxe2+ 36. Kf3 Rxa2 37. Ke4 Ra4 38. Rb8 Kf6 39.
Rf8+ Kg6 40. h4 Kh5 41. Rh8+ Kg6 42. Rf8 Ra5 43. f5+ Kh6 44. Rh8# 1-0

[Event "Bronshoj Lang Weekend 2012"]
[Site "Bronshoj"]
[Date "2012.02.11"]
[Round "3"]
[White "Hansen, Rasmus Agertoft"]
[Black "Andersen, Soren Mikkel"]
[Result "0-1"]
[WhiteElo "1818"]
[BlackElo "2021"]
[PlyCount "52"]
[EventDate "2012.??.??"]
[EventCountry "DEN"]

1. e4 c5 2. Nf3 d6 3. d4 cxd4 4. Nxd4 Nf6 5. Nc3 a6 6. a4 Nc6 7. a5 Nxa5 8. Nd5
e6 9. Nxf6+ gxf6 10. Bd2 Nc6 11. Bb5 Bd7 12. Bxc6 bxc6 13. Ba5 Qb8 14. b3 c5
15. Ne2 Bc6 16. Ng3 Qb7 17. Qf3 f5 18. Qc3 Rg8 19. Nh5 Be7 20. O-O-O fxe4 21.
Nf6+ Bxf6 22. Qxf6 Qe7 23. Qc3 Qg5+ 24. Kb1 Qe5 25. Qh3 d5 26. Qxh7 Rh8 0-1

[Event "Bronshoj Lang Weekend 2012"]
[Site "Bronshoj"]
[Date "2012.02.11"]
[Round "3"]
[White "Harestad, Hans Krogh"]
[Black "Jacobsen, Mads Holger Bang"]
[Result "1/2-1/2"]
[WhiteElo "2265"]
[BlackElo "1999"]
[PlyCount "72"]
[EventDate "2012.??.??"]
[EventCountry "DEN"]

1. d4 d5 2. c4 c6 3. Nf3 Nf6 4. Qc2 dxc4 5. Qxc4 Bf5 6. g3 e6 7. Bg2 Nbd7 8.
O-O Be7 9. Nc3 O-O 10. Re1 Ne4 11. Nh4 Nd6 12. Qb3 Bxh4 13. gxh4 Qxh4 14. e4
Bh3 15. Bxh3 Qxh3 16. Re3 Qh4 17. Rg3 h6 18. Qb4 c5 19. Qa4 Nb6 20. Qa5 cxd4
21. Qe5 g6 22. Qxd6 dxc3 23. Qe5 Rfd8 24. Rxc3 Rac8 25. Rxc8 Rxc8 26. Qf4 Qxf4
27. Bxf4 Rc4 28. f3 g5 29. Be3 Rc2 30. b3 Kg7 31. a4 Kg6 32. a5 Nc8 33. b4 Rc3
34. Kf2 Rc2+ 35. Kg1 Rc3 36. Kf2 Rc2+ 1/2-1/2

[Event "Bronshoj Lang Weekend 2012"]
[Site "Bronshoj"]
[Date "2012.02.11"]
[Round "3"]
[White "Jensen, Simon Stibolt"]
[Black "Jorgensen, Mikkel"]
[Result "1/2-1/2"]
[WhiteElo "1423"]
[BlackElo "1712"]
[PlyCount "34"]
[EventDate "2012.??.??"]
[EventCountry "DEN"]

1. e4 e6 2. d4 d5 3. exd5 exd5 4. Bd3 Bd6 5. Nf3 Nf6 6. O-O O-O 7. c3 Bg4 8.
Bg5 Nbd7 9. Nbd2 c6 10. Qc2 Qc7 11. Rfe1 Rfe8 12. b3 h6 13. Bh4 Nh5 14. h3 Be6
15. g4 Nf4 16. Bf1 Ng6 17. Bd3 Nf4 1/2-1/2

[Event "Bronshoj Lang Weekend 2012"]
[Site "Bronshoj"]
[Date "2012.02.11"]
[Round "3"]
[White "Kirknel, Thomas"]
[Black "Larsen, Tor Ketil"]
[Result "1-0"]
[WhiteElo "2135"]
[BlackElo "1968"]
[PlyCount "91"]
[EventDate "2012.??.??"]
[EventCountry "DEN"]

1. e4 d6 2. d4 Nf6 3. Nc3 g6 4. Nf3 Bg7 5. Be2 c6 6. a4 O-O 7. O-O Na6 8. Bxa6
bxa6 9. h3 Rb8 10. Rb1 Nd7 11. Bg5 h6 12. Be3 a5 13. Qd2 Kh7 14. Rfd1 Ba6 15.
b3 Qc7 16. Ne2 c5 17. c4 cxd4 18. Bxd4 Nc5 19. Bxg7 Kxg7 20. Qc3+ Kh7 21. Nd2
Rb7 22. Nd4 Rfb8 23. Re1 Rb4 24. Kh1 Bc8 25. f4 e5 26. Nc2 R4b7 27. Ne3 Be6 28.
fxe5 dxe5 29. Nd5 Bxd5 30. exd5 Re8 31. Ne4 Nxe4 32. Rxe4 f5 33. Ree1 e4 34. c5
f4 35. c6 Rb4 36. Qc5 f3 37. d6 fxg2+ 38. Kxg2 Qd8 39. d7 Rf8 40. Rf1 Rf3 41.
c7 Qh4 42. Qe7+ Qxe7 43. d8=Q Rg3+ 44. Kxg3 Qe5+ 45. Kg2 Rd4 46. Rf7+ 1-0

[Event "Bronshoj Lang Weekend 2012"]
[Site "Bronshoj"]
[Date "2012.02.11"]
[Round "3"]
[White "Moller, Arne Vagn"]
[Black "Rydstrom, Tom"]
[Result "0-1"]
[WhiteElo "1767"]
[BlackElo "1951"]
[PlyCount "70"]
[EventDate "2012.??.??"]
[EventCountry "DEN"]

1. e4 e5 2. Nf3 Nc6 3. Nc3 Nf6 4. Bb5 Bb4 5. O-O O-O 6. d3 d6 7. h3 h6 8. a3
Ba5 9. b4 Bb6 10. Ne2 Ne7 11. c3 Ng6 12. Ba4 Be6 13. Bc2 a5 14. Bd2 c6 15. c4
Qd7 16. Kh2 Nh5 17. Nfg1 axb4 18. axb4 d5 19. c5 Bc7 20. Rxa8 Rxa8 21. Nc3 Ngf4
22. Bxf4 Nxf4 23. f3 Rd8 24. Qc1 dxe4 25. fxe4 Nxd3 26. Bxd3 Qxd3 27. Rd1 Qc4
28. Rxd8+ Bxd8 29. Qb2 f5 30. Nge2 Bg5 31. Qa3 Qa6 32. Qb2 Qd3 33. Na4 Bc4 34.
Qxe5 Qxe2 35. Qxf5 Qf1 0-1

[Event "Bronshoj Lang Weekend 2012"]
[Site "Bronshoj"]
[Date "2012.02.11"]
[Round "3"]
[White "Nielsen, Klaus"]
[Black "Haubro, Sigfred"]
[Result "0-1"]
[WhiteElo "2038"]
[BlackElo "2105"]
[PlyCount "68"]
[EventDate "2012.??.??"]
[EventCountry "DEN"]

1. d4 d5 2. Nf3 e6 3. Bg5 f6 4. Bh4 c6 5. Nbd2 Ne7 6. e4 Ng6 7. Bg3 dxe4 8.
Nxe4 Be7 9. Qd2 O-O 10. Bxb8 Rxb8 11. Bc4 b5 12. Bd3 Qc7 13. g3 c5 14. dxc5 Bb7
15. Nd4 Bd5 16. O-O Bxc5 17. Nxc5 Qxc5 18. c3 Ne5 19. Be2 Rfe8 20. b4 Qb6 21.
a4 bxa4 22. Rxa4 Rbd8 23. Rfa1 Bc4 24. Bxc4 Rxd4 25. Qe2 Rxc4 26. Ra6 Qb7 27.
f4 Re4 28. Qg2 Nc4 29. Rxa7 Qb6+ 30. Qf2 Qd6 31. Qf3 f5 32. Kg2 Ne3+ 33. Kh3
Ng4 34. Rd1 Qxd1 0-1

[Event "Bronshoj Lang Weekend 2012"]
[Site "Bronshoj"]
[Date "2012.02.11"]
[Round "3"]
[White "Nielsen, Steen Gregers"]
[Black "Haubro, Martin"]
[Result "1/2-1/2"]
[WhiteElo "1688"]
[BlackElo "2072"]
[PlyCount "57"]
[EventDate "2012.??.??"]
[EventCountry "DEN"]

1. e4 c5 2. c3 Nf6 3. e5 Nd5 4. d4 cxd4 5. Nf3 e6 6. Bc4 d6 7. O-O Nc6 8. cxd4
Be7 9. Nc3 Nxc3 10. bxc3 dxe5 11. Nxe5 Nxe5 12. dxe5 Qxd1 13. Rxd1 Bd7 14. Rb1
b6 15. Bb5 Bxb5 16. Rxb5 Bc5 17. Kf1 Rd8 18. Rxd8+ Kxd8 19. a4 Kc7 20. Ke2 Rd8
21. Bg5 Rd7 22. Rb2 Kc6 23. Be3 Ba3 24. Rb1 Rd5 25. f4 Ra5 26. Ra1 Bc5 27. Bd2
Ra6 28. c4 Bd4 29. Ra2 1/2-1/2

[Event "Bronshoj Lang Weekend 2012"]
[Site "Bronshoj"]
[Date "2012.02.11"]
[Round "3"]
[White "Nielsen, Thomas (1994)"]
[Black "Ohayv, Nikolaj"]
[Result "0-1"]
[WhiteElo "1453"]
[BlackElo "1799"]
[PlyCount "66"]
[EventDate "2012.??.??"]
[EventCountry "DEN"]

1. e4 e5 2. d4 exd4 3. Nf3 Nc6 4. Bc4 d6 5. Ng5 Nh6 6. c3 Be7 7. f4 dxc3 8.
Nxc3 Bxg5 9. fxg5 Ng4 10. Bxf7+ Kxf7 11. O-O+ Ke8 12. h3 Nge5 13. Qb3 Ne7 14.
Be3 Qd7 15. Nd5 Nxd5 16. exd5 Rf8 17. Rfe1 Rf5 18. Rac1 Kf8 19. Rc2 c5 20. dxc6
bxc6 21. Qa4 Bb7 22. Qh4 g6 23. Bd4 Qf7 24. Bxe5 dxe5 25. Rxe5 Rxe5 26. Rf2 Rf5
27. Qb4+ Kg8 28. Rxf5 gxf5 29. Qd6 Rf8 30. h4 c5 31. Qxc5 Qd5 32. Qf2 Rc8 33.
Kh2 Qxg2+ 0-1

[Event "Bronshoj Lang Weekend 2012"]
[Site "Bronshoj"]
[Date "2012.02.11"]
[Round "3"]
[White "Nohr, Finn"]
[Black "Strange, Mikkel"]
[Result "0-1"]
[WhiteElo "2081"]
[BlackElo "2314"]
[PlyCount "70"]
[EventDate "2012.??.??"]
[EventCountry "DEN"]

1. e4 e6 2. d4 d5 3. Nc3 Bb4 4. e5 c5 5. a3 Bxc3+ 6. bxc3 Qc7 7. Qg4 f5 8. Qg3
cxd4 9. cxd4 Ne7 10. c3 O-O 11. Ne2 b6 12. Nf4 Qd7 13. a4 Ba6 14. Bxa6 Nxa6 15.
Ba3 Rf7 16. O-O Rc8 17. Qd3 Rc4 18. Rfb1 Nc6 19. Rb5 Nc7 20. Rbb1 Nxe5 21. dxe5
Rxf4 22. Bd6 Rxa4 23. c4 dxc4 24. Qc2 Rxa1 25. Rxa1 Ne8 26. Bb8 Qd3 27. Qa4 Qd8
28. Bxa7 b5 29. Qa6 Nc7 30. Qb6 Rd7 31. h3 Qa8 32. Ra5 Qe4 33. Ra3 c3 34. Qb8+
Kf7 35. Be3 Qxe5 0-1

[Event "Bronshoj Lang Weekend 2012"]
[Site "Bronshoj"]
[Date "2012.02.11"]
[Round "3"]
[White "Pedersen, Henrik Bolding"]
[Black "Borbjerggaard, Lars"]
[Result "1-0"]
[WhiteElo "2068"]
[BlackElo "2305"]
[PlyCount "117"]
[EventDate "2012.??.??"]
[EventCountry "DEN"]

1. e4 c6 2. Nc3 d5 3. Nf3 dxe4 4. Nxe4 g6 5. Bc4 Bg7 6. O-O Nf6 7. Nxf6+ Bxf6
8. d4 O-O 9. Bh6 Bg7 10. Qd2 Nd7 11. Rfe1 Nf6 12. h3 e6 13. Rad1 Nd5 14. c3
Bxh6 15. Qxh6 Qf6 16. Re4 Qg7 17. Qd2 Bd7 18. Ne5 Rfd8 19. Bb3 Be8 20. Nd3 b6
21. Re5 Ne7 22. Nf4 Qxe5 23. dxe5 Rxd2 24. Rxd2 c5 25. Ne2 Kf8 26. f4 Bc6 27.
Kf2 a5 28. a3 Ke8 29. g3 Nd5 30. Bc2 Rd8 31. Be4 Bb5 32. Ng1 Ke7 33. Nf3 Bc4
34. Bc2 Bb5 35. Ng5 h6 36. Ne4 Bc6 37. c4 Nc7 38. Rxd8 Kxd8 39. Nd6 Be8 40. Ke3
Na6 41. Be4 Nc7 42. Bc2 Na6 43. g4 Nb8 44. h4 Na6 45. f5 exf5 46. gxf5 g5 47.
hxg5 hxg5 48. f6 Nb8 49. Ke4 g4 50. Kf4 Nd7 51. Nxe8 g3 52. Kxg3 Nxe5 53. Nd6
Kd7 54. Ne4 Nxc4 55. Bb3 Nxb2 56. Bxf7 c4 57. Bd5 b5 58. Nc5+ Kd6 59. f7 1-0

[Event "Bronshoj Lang Weekend 2012"]
[Site "Bronshoj"]
[Date "2012.02.11"]
[Round "3"]
[White "Pedersen, Steffen"]
[Black "Palm, Nikolaj"]
[Result "1/2-1/2"]
[WhiteElo "2427"]
[BlackElo "2217"]
[PlyCount "62"]
[EventDate "2012.??.??"]
[EventCountry "DEN"]

1. d4 d5 2. c4 e6 3. Nc3 Nf6 4. Nf3 Be7 5. Bg5 Nbd7 6. e3 O-O 7. Rc1 a6 8. c5
c6 9. Bd3 Re8 10. h3 h6 11. Bf4 b5 12. Bh2 Bf8 13. b4 g6 14. Qc2 Bb7 15. O-O
Bg7 16. Rfd1 Nh7 17. Ne5 Nxe5 18. dxe5 Nf8 19. e4 Qe7 20. Re1 Rad8 21. f4 Bc8
22. a4 g5 23. exd5 exd5 24. f5 Nd7 25. f6 Nxf6 26. exf6 Qxf6 27. Ne2 Re3 28.
axb5 axb5 29. Rf1 Qb2 30. Bh7+ Kh8 31. Ng3 Qxb4 1/2-1/2

[Event "Bronshoj Lang Weekend 2012"]
[Site "Bronshoj"]
[Date "2012.02.11"]
[Round "3"]
[White "Petersen, Steen Brustrup"]
[Black "Zachariassen, Bjarne"]
[Result "1-0"]
[WhiteElo "2111"]
[BlackElo "1948"]
[PlyCount "47"]
[EventDate "2012.??.??"]
[EventCountry "DEN"]

1. e4 c5 2. Nf3 Nc6 3. d4 cxd4 4. Nxd4 e5 5. Nb5 h6 6. N1c3 Nf6 7. Nd5 Nxd5 8.
exd5 a6 9. dxc6 axb5 10. cxd7+ Bxd7 11. Bd3 Bc5 12. Qe2 O-O 13. Qe4 g6 14. Qxb7
Rc8 15. Qf3 Rc6 16. Be3 Rf6 17. Qe2 Bd6 18. O-O Qb8 19. Be4 Kg7 20. Rfd1 Re6
21. Bd5 Rf6 22. c4 bxc4 23. Qxc4 Rf5 24. Qb3 1-0

[Event "Bronshoj Lang Weekend 2012"]
[Site "Bronshoj"]
[Date "2012.02.11"]
[Round "3"]
[White "Rimestad, Arild"]
[Black "Ananthan, Arunn"]
[Result "0-1"]
[WhiteElo "1905"]
[BlackElo "1586"]
[PlyCount "88"]
[EventDate "2012.??.??"]
[EventCountry "DEN"]

1. f4 d5 2. Nf3 Nc6 3. g3 Nf6 4. Bg2 Bg4 5. c3 e5 6. Nxe5 Nxe5 7. fxe5 Ne4 8.
Bxe4 dxe4 9. Qa4+ Bd7 10. Qb3 Bc6 11. O-O Bc5+ 12. e3 O-O 13. Qc4 Bb6 14. a4 a5
15. e6 fxe6 16. Qxe6+ Kh8 17. Rxf8+ Qxf8 18. Na3 Qf3 19. b3 Qd1+ 20. Kg2 Qe2+
21. Kg1 h6 22. Qc4 Qf3 23. Qf1 Rf8 24. Qxf3 exf3 25. Kf2 h5 26. d4 g5 27. Nc4
g4 28. Ne5 Kg7 29. b4 Be4 30. Ba3 Ra8 31. Nc4 Kf6 32. Nxb6 cxb6 33. b5 Rc8 34.
Rc1 Rc4 35. Bb2 Rxa4 36. Rd1 Ke6 37. Rd2 Kd5 38. Rd1 Ra2 39. Rd2 a4 40. Ke1 a3
41. c4+ Kxc4 42. Bc1 Rxd2 43. Kxd2 a2 44. Bb2 Kxb5 0-1